Study guide to accompany Dornbusch and Fischer Macroeconomics (Record no. 2629)
[ view plain ]
| 000 -LEADER | |
|---|---|
| fixed length control field | 01196nam a22001817a 4500 |
| 020 ## - INTERNATIONAL STANDARD BOOK NUMBER | |
| ISBN | 0070178461 |
| 022 ## - INTERNATIONAL STANDARD SERIAL NUMBER | |
| ISSN | 9780070178465 |
| 050 ## - CALL NUMBER | |
| Classification number | HB172.5 |
| Item number | .St1 |
| 100 ## - AUTHOR | |
| Personal name | Startz, Richard |
| 245 ## - TITLE | |
| Title | Study guide to accompany Dornbusch and Fischer Macroeconomics |
| Statement of responsibility, etc | Richard Startz; Rudiger Dornbusch |
| 250 ## - EDITION | |
| Edition statement | 6th ed |
| 260 ## - PUBLICATION INFORMATION | |
| Place of publication | New York : . |
| Name of publisher | McGraw-Hill, |
| Year of publication | ©1994 |
| 300 ## - DESCRIPTION | |
| Number of Pages | x, 289 pages : |
| Other physical details | illustrations ; |
| Dimensions | 24 cm |
| 500 ## - NOTES | |
| General note | <br/><br/> |
| 505 ## - FORMATTED CONTENTS NOTE | |
| Table of Content | Part 1: introduction - national income accounting; income and spending; money, interest and income; fiscal policy, crowding out and the policy mix; international linkages; aggregate supply and demand - an introduction. Part 2: consumption and savings - investment spending; the demand for, and supply of, money. Part 3: aggragate supply - wages, prices amd employment; inflation and unemployment; fiscal policy, budget deficits and the public debt; money, deficits and inflation; international adjustments. Part 4: long-term growth and productivity; macroeconomics - the interaction of events and ideas; the US and world economies - long-term prospects and problems.<br/> |
| 650 ## - SUBJECTS | |
| Topical Term | Macroeconomics. |
| General subdivision | Macro-economie. |
| 942 ## - ADDED ENTRY ELEMENTS (KOHA) | |
| Koha item type | Books |
| Withdrawn status | Lost status | Collection code | Home library | Current library | Shelving location | Date acquired | Full call number | Accession Number | Copy number | Koha item type |
|---|---|---|---|---|---|---|---|---|---|---|
| Reference | Methodist University Library Main | Methodist University Library Main | General Stacks | HB172.5 .St1 | 38095 | 1 | Books |